01217 2200229 4500001002100000005001500021035002000036245008000056100002300136250001600159300002900175856002400204260003000228082001100258084001700269020001800286650002300304520061200327990001600939990001600955990001600971INLIS00000000000841820260407094344 a0010-04260000431 aManajemen Keuangan Edisi Revisi Dilengkapi Soal-Jawab /cLukas Setia Atmaja0 aLukas Setia Atmaja aEd.3, Cet.1 aviii, 458. ;c20 x 28 cm aIlmu - Ilmu Terapan aYogyakarta :bAndi,c2003 a658.15 a658.15 LUK m a979-731-097-3 4aManajemen Keuangan aBuku Manajemen Keuangan Edisi revisi ini merupakan revisi dari buku. Manajemen Keuangan 1 ditambah materi buku Manajemen Keuangan 2. Buku ini membahas teori-teori keuangan yang diperlukan dalam pembuatan keputusan keuangan perusahaan seperti: keputusan pendanaan, keputusan investasi dan keputusan dividen serta konsep- konsep dasar teori keuangan, seperti nilal waktu uang, analisis risiko dan keuntungan, penilaian saham dan obligasi. Buku ini membantu pembaca (mahasiswa dan praktisi) untuk menguasai ilmu Manajemen Keuangan Perusahaan dengan metoda yang sistematis, bahasa yang ringkas, dan soal-jawab. aIT 2011 427 aIT 2011 428 aIT 2011 429